000 00331nam a2200121 a 4500
005 20240228133748.0
008 190404s2013 000 spa d
020 _a9789945454444
100 1 _aCastro Ventura, Santiago
_91837
245 0 _aHistoria de la pediatrĂ­a dominicana.
260 _aSanto Domingo,
_c2013.
999 _c48121
_d48121
040 _aDO-SdBNP